000 00750nam a2200265Ia 4500
001 1882
005 20240113233519.0
007 ta
008 050217s1938 a g b000 u ben u
020 _cHB
040 _aCotton College,Assam
041 _aben
082 _a491.4
_bD 26 B
100 _aDas, Gyanandramohan .
245 0 _aDictionary of the Bengali Language Part 2 /
_cGyanandramohan Das ed.
_hTextual Documents
250 _a1st ed. /
260 _aAllahabad :
_bKalikingkar Mitra ,
_c1938.
300 _a2398p. :
_bill ;
_c22cm .
653 _aDictionary-Bengali language
653 _aDictionaries-Bengali Language
653 _aReference-Dictionaries
942 _2ddc
_cBK
999 _c1877
_d1877